| 000 | 00473nam a2200181Ia 4500 | ||
|---|---|---|---|
| 005 | 20250508150824.0 | ||
| 008 | 008 250505s9999 xx 000 0 eng d | ||
| 037 | _aTextual | ||
| 040 |
_aFEDL _beng _cFEDL |
||
| 041 |
_aeng _2eng |
||
| 084 |
_a901, CHI _qFEDL |
||
| 100 | _aChilde V Gordon | ||
| 245 | 0 | _aSocial evolution | |
| 260 |
_aLondon, UK _bWatts and Company _c1951 |
||
| 300 | _aviii,184p | ||
| 942 |
_cTEXL _h901, CHI |
||
| 999 |
_c1325883 _d1325883 |
||